[Event "Donau op 33rd"]
[Site "Aschach"]
[Date "2024.12.27"]
[Round "3"]
[White "Postlmayer, Jakob"]
[Black "Kim, Thomas Jakob"]
[Result "1-0"]
[WhiteElo "2384"]
[BlackElo "2033"]
[PlyCount "73"]
[EventDate "2024.12.26"]
[EventType "swiss"]
[EventRounds "7"]
[EventCountry "AUT"]
[SourceTitle "CB04_2025"]
[SourceDate "2025.01.22"]
[SourceVersion "1"]
[SourceVersionDate "2025.01.22"]
[SourceQuality "1"]

1. d4 Nf6 2. c4 e6 3. Nf3 Bb4+ 4. Bd2 a5 5. a3 Be7 6. Nc3 d5 7. Bf4 0-0 8. e3 c6 9. h3 dxc4 10. Bxc4 b5 11. Bd3 Bb7 12. 0-0 Nbd7 13. Ne5 b4 14. Na4 c5 15. Nxd7 Qxd7 16. Nxc5 Bxc5 17. dxc5 Qc6 18. Qf3 Qxf3 19. gxf3 Bxf3 20. Bd6 Rfc8 21. axb4 axb4 22. Rxa8 Bxa8 23. Ra1 Bc6 24. Ra6 g6 25. Kf1 Nd7 26. e4 f5 27. Bc4 Kf7 28. e5 g5 29. Ra7 h5 30. Ba6 Ra8 31. Rxa8 Bxa8 32. Bb5 Ke8 33. c6 Nb6 34. c7+ Kf7 35. Bc5 Nc8 36. Ba6 g4 37. hxg4 1-0

[Event "AUT-ch U14"]
[Site "Fuerstenfeld"]
[Date "2024.06.02"]
[Round "7"]
[White "Kim, Thomas Jakob"]
[Black "Stoegerer, Konstantin"]
[Result "1-0"]
[WhiteElo "1744"]
[BlackElo "1789"]
[PlyCount "78"]
[EventDate "2024.05.30"]
[EventType "swiss"]
[EventRounds "7"]
[EventCountry "AUT"]
[SourceTitle "CBM 220 Extra"]
[Source "ChessBase"]
[SourceDate "2024.07.31"]
[SourceVersion "1"]
[SourceVersionDate "2024.07.31"]
[SourceQuality "1"]

1. e4 c5 2. Nf3 Nc6 3. d4 cxd4 4. Nxd4 g6 5. c4 Nf6 6. Nc3 Nxd4 7. Qxd4 Bg7 8. Be2 d6 9. 0-0 0-0 10. Qd1 Bd7 11. Be3 a5 12. Qd2 Re8 13. Rfd1 a4 14. Rac1 a3 15. b3 Qa5 16. Bf3 Bc6 17. Nd5 Qxd2 18. Rxd2 Rac8 19. Rdc2 Nd7 20. Bg4 e6 21. Bg5 Bxd5 22. cxd5 Rxc2 23. Rxc2 Nc5 24. dxe6 fxe6 25. Bf3 Bb2 26. g3 Nxb3 27. Rc4 Nc5 28. Be2 Ra8 29. Rb4 Ra4 30. Rxa4 Nxa4 31. Bc4 Kf7 32. Be3 Nc3 33. f3 b5 34. Bb3 Nb1 35. Kf2 Bc3 36. Ke2 Bb2 37. Kd3 Kf6 38. Bc2 Nc3 39. Bd4+ e5 1-0